000 01183nam a22003617a 4500
001 48
003 FISKH
005 20241213124947.0
008 731212s1973 nyua j 000 0beng
010 _a Z3077423
020 _a0698202740 (lib. bdg.)
020 _a9780590412049
040 _aDLC
_cDLC
_dDLC
_beng
042 _alcac
043 _an-us---
050 0 0 _aF69
_b.R4178 1973
082 0 0 _a973.3/311/0924
_aB
_a92
100 1 _aFritz, Jean.
245 1 0 _aAnd then what happened, Paul Revere? /
_cPictures by Margot Tomes
250 _a2009 Scholastic edition
260 _aNew York :
_bScholastic,
_c1973.
300 _a45 pages :
_billustrations ;
_c20 cm
505 _aW
520 _aDescribes some of the well-known as well as the lesser-known details of Paul Revere's life and exciting ride.
521 8 _a830
_bLexile
521 8 _aW
_bRaz-Plus
600 1 0 _aRevere, Paul,
_d1735-1818
_xJuvenile literature.
600 1 1 _aRevere, Paul,
_d1735-1818.
651 1 _aUnited States
_xHistory
_yRevolution, 1775-1783
_xBiography.
700 1 _aTomes, Margot,
_eillustrator
906 _a7
_bcbc
_corignew
_d2
_eopcn
_f19
_gy-gencatlg
942 _2ddc
_cBK
_n0
999 _c48
_d48